[Event "Tehran Behin Cup 2nd"]
[Site "Tehran"]
[Date "2014.11.20"]
[Round "6"]
[White "Zarepisheh, Gholamreza"]
[Black "Mosadeghpour, Masoud"]
[Result "0-1"]
[WhiteElo "2105"]
[BlackElo "2335"]
[PlyCount "58"]
[EventDate "2014.11.15"]
[EventType "swiss"]
[EventRounds "9"]
[EventCountry "IRI"]
[SourceTitle "CBM 163 Extra"]
[Source "ChessBase"]
[SourceDate "2014.12.23"]
[SourceVersion "1"]
[SourceVersionDate "2014.12.23"]
[SourceQuality "1"]

1. d4 Nf6 2. c4 g6 3. Nc3 d5 4. cxd5 Nxd5 5. e4 Nxc3 6. bxc3 c5 7. Nf3 Bg7 8. Rb1 0-0 9. Be2 b6 10. 0-0 Bb7 11. Qd3 Qd6 12. Be3 Nd7 13. Rfd1 Rac8 14. Rb2 cxd4 15. cxd4 Nc5 16. Qa3 Nxe4 17. Qxa7 Bc6 18. Qa6 Nc3 19. Rdd2 b5 20. Rbc2 Nxe2+ 21. Rxe2 Bxf3 22. Qxd6 Bxe2 23. Qxe7 Rxc2 24. h4 Rxa2 25. d5 b4 26. Qxb4 Be5 27. f4 Rb8 28. Qe7 Bf3 29. Bf2 Bd4 0-1

[Event "Fajr op 16th"]
[Site "Urmia"]
[Date "2008.02.03"]
[Round "2"]
[White "Zarepisheh, Gholamreza"]
[Black "Grigoryan, Avetik"]
[Result "0-1"]
[WhiteElo "2133"]
[BlackElo "2509"]
[PlyCount "58"]
[EventDate "2008.02.03"]
[EventType "swiss"]
[EventRounds "11"]
[EventCountry "IRI"]
[SourceTitle "CBM 122 Extra"]
[Source "ChessBase"]
[SourceDate "2008.03.04"]
[SourceVersion "1"]
[SourceVersionDate "2008.03.04"]
[SourceQuality "1"]

1. d4 Nf6 2. c4 g6 3. Nc3 Bg7 4. e4 d6 5. Nf3 0-0 6. Be2 e5 7. 0-0 Na6 8. d5 Nc5 9. Qc2 a5 10. Re1 Nfd7 11. b3 f5 12. Nd2 Nf6 13. f3 Bh6 14. Bf1 f4 15. Nd1 g5 16. Nf2 c6 17. Be2 Bg7 18. g4 fxg3 19. hxg3 g4 20. fxg4 Qb6 21. Nf1 Nfxe4 22. Nxe4 Nxe4+ 23. c5 Nxc5 24. Ne3 Na6 25. Bc4 Nb4 26. Qe4 Kh8 27. Kg2 cxd5 28. Bxd5 Nxd5 29. Qxd5 Bd7 0-1